CRUISE LYRICS by Florida Georgia line - Statistics

General Stats
  • This quiz has been taken 348 times
  • The average score is 25 of 49
Answer Stats
Hint Answer % Correct
down and cruise
97%
you make me wanna roll my windows
97%
Baby you a song
93%
yeah when i first saw that bikini top
82%
on her, shes poppin right out of the south georgia
81%
down and cruise
71%
you make me wanna roll my windows
71%
down and cruise
62%
you make me wanna roll my windows
62%
couldnt help myself so i walked up and said baby you a song
60%
it'd look a hell lot better with you up in it
60%
the middle, every little farm town
57%
down a backroad
56%
so baby you a song
56%
and sang from the heart
55%
and strummed a couple chords
53%
down and cruise
53%
grabbed my guitar
53%
you make me wanna roll my windows
53%
baby you a song
52%
down and cruise
51%
i put it in park
51%
and drove all night, cause it felt so right
51%
you make me wanna roll my windows
51%
baby you a song
50%
girl you sure got the beat in my chest
49%
with you, in this brand new chevy with a lift kit
48%
down and cruise
47%
you make me wanna roll my windows
47%
the middle every little farm town with you
47%
down a backroad
46%
her and i man we felt so right
46%
come on, baby you a song
46%
down a backroad
44%
bumpin, hell i cant get you out of my head
44%
itd, look a hell a lot better with you up in it
44%
blowin stop signs through
43%
i looked and her and she looked at me
41%
the middle every little farm town
41%
with you, in this brand new chevy with a lift kit
38%
blowin stop signs through
37%
blowin stop signs through
36%
down and cruise
35%
aww yeah
33%
get those windows
32%
and i turned on those kc lights
31%
water. thought oh good lord she had them long tanned legs
29%
come on girl
25%
when that summer sun fell to its knees
25%
No matching quizzes found
Score Distribution
Percent of People with Each Score
Percentile by Number Answered
Your Score History
You have not taken this quiz